Jawaharlal Nehru souvenir. (Record no. 69918)

MARC details
000 -LEADER
fixed length control field 00610cam a22002291 4500
001 - CONTROL NUMBER
control field sa 66005376
003 - CONTROL NUMBER IDENTIFIER
control field DLC
005 - DATE AND TIME OF LATEST TRANSACTION
control field 20260227112249.0
008 - FIXED-LENGTH DATA ELEMENTS--GENERAL INFORMATION
fixed length control field 920721s1965 ii c 000 0 eng
010 ## - LIBRARY OF CONGRESS CONTROL NUMBER
LC control number sa 66005376
025 ## - OVERSEAS ACQUISITION NUMBER
Overseas acquisition number PL480:I-E-5436
035 ## - SYSTEM CONTROL NUMBER
System control number (OCoLC)26231388
040 ## - CATALOGING SOURCE
Original cataloging agency DLC
Transcribing agency CU
Modifying agency DLC
042 ## - AUTHENTICATION CODE
Authentication code premarc
050 00 - LIBRARY OF CONGRESS CALL NUMBER
Classification number DS481.N35
Item number J34
245 00 - TITLE STATEMENT
Title Jawaharlal Nehru souvenir.
Statement of responsibility, etc. [Chief ed.: Satish Chander.
260 ## - PUBLICATION, DISTRIBUTION, ETC.
Place of publication, distribution, etc. Delhi,
Date of publication, distribution, etc. 1965?]
300 ## - PHYSICAL DESCRIPTION
Extent 242 p.
Other physical details ports.
Dimensions 26 cm.
500 ## - GENERAL NOTE
General note Cover title.
600 10 - SUBJECT ADDED ENTRY--PERSONAL NAME
Personal name Nehru, Jawaharlal,
Dates associated with a name 1889-1964.
700 1# - ADDED ENTRY--PERSONAL NAME
Personal name Chander, Satish,
Relator term ed.

No items available.

Powered by Koha